000 00395nam a2200157Ia 4500
008 230524s9999 xx 000 0 und d
082 _a4
_bICE
100 _aThomas A.DeMassa
245 0 _aDigital Integrated Circuits
260 _aNEW DELHI
_bJohn Wiley & Sons
_c1998
300 _aXI;589
500 _aQuantity Number: 2
650 _aElectronics
700 _a Zack Ciccone
942 _cBK
999 _c37291
_d37291